000 00642nam a22002177a 4500
003 BD-DhJNU
005 20250224054139.0
008 250224b |||||||| |||| 00| 0 eng d
020 _a9788177583670
040 _aBD-DhJNU
_bENG
_cBD-DhJNU
_dBD-DhJNU
082 _223
_a006.3
100 _aRussell, Stuart
245 _aArtificial intelligence :
_ba modern approach /
_cStuart Russell and Peter Norvig
250 _a2nd ed.
260 _aNew Delhi :
_bPearson Education,
_c2003.
300 _a1050 p. :
_bill. ;
_c25 cm.
504 _aincludes index
650 _aArtificial intelligence
700 _aNorvig, Peter
942 _2ddc
_cBK
_n0
999 _c1380
_d1380